| 000 | 00504nam a22001937a 4500 | ||
|---|---|---|---|
| 003 | MPLRDC | ||
| 005 | 20220104144157.0 | ||
| 008 | 210129b ||||| |||| 00| 0 eng d | ||
| 020 | _a957-621-557-9 | ||
| 082 | _a873.57 NAIP | ||
| 100 | _aV.S. NAIPAUL | ||
| 245 |
_a大河湾 _c李永平 译 |
||
| 250 | _a初版 | ||
| 260 |
_a台湾 _b天下远见出版股份有限公司 _c1999 |
||
| 300 | _b379 | ||
| 490 | _a文学人生. 14 | ||
| 650 | _a英国文学--长篇小说 | ||
| 942 |
_cBK _o873.57 NAIP |
||
| 999 |
_c47118 _d47108 |
||